Culture Générale - Série 131 - Statistiques

Statistiques générales
  • Ce quiz a été pris 413 fois
  • Le résultat moyen est 6 sur 10
Statistiques - réponses
Question Réponse % Correct
Quel est le chef-lieu du département de la Gironde ? Bordeaux
91%
Dans quel fleuve français l'Yonne se jette-t-elle ? Seine
87%
Dans quel pays sont immatriculées les voitures portant les lettres "CH" ? Suisse
83%
Quel est l'instrument de prédilection d'Yvette Horner ? Accordéon
76%
Selon l'expression populaire, de quoi peut accoucher la montagne ? Souris
69%
A quel animal appartient le bout de la queue chantée par les Frères Jacques ? Chat
50%
Qu'est-ce que le tamouré pour les Polynésiens ? Danse
49%
En 2006, quel comique joue "Le Bourgeois gentilhomme" au théâtre ? Jean-Marie Bigard
18%
Quel réalisateur fait scandale avec "La Dernière Tentation du Christ" ? Martin Scorsese
16%
Quelle chanteuse fait un tube avec "White and Black Blues" en 1990 ? Joëlle Ursull
15%
Aucun quiz correspondant
Distribution des résultats
% des personnes avec chaque résultat
Percentile par nombre de réponses
Votre historique - résultats
Vous n’avez pas pris ce quiz